书目信息 |
| 题名: |
现代英语词汇学
|
|
| 作者: | 杨艳华 , 张树凡 编著 | |
| 分册: | ||
| 出版信息: | 北京 冶金工业出版社 2007.12 |
|
| 页数: | 212页 | |
| 开本: | 19cm | |
| 丛书名: | ||
| 单 册: | ||
| 中图分类: | H313 | |
| 科图分类: | ||
| 主题词: | 英语--ying yu--词汇学 | |
| 电子资源: | ||
| ISBN: | 978-7-5024-4424-2 | |
| 000 | 01033nam0 2200265 450 | |
| 001 | 012008810613 | |
| 005 | 20080512103406.06 | |
| 010 | @a978-7-5024-4424-2@dCNY19.50 | |
| 100 | @a20080512d2007 em y0chiy0120 ea | |
| 101 | 0 | @achi@aeng |
| 102 | @aCN@b110000 | |
| 105 | @ay a 000yy | |
| 106 | @ar | |
| 200 | 1 | @a现代英语词汇学@Axian dai ying yu ci hui xue@d= Modern English lexicology@f杨艳华, 张树凡编著@Fyang yan hua,zhang shu fan bian zhu@zeng |
| 210 | @a北京@c冶金工业出版社@d2007.12 | |
| 215 | @a212页@d19cm | |
| 320 | @a有书目 (第211-212页) | |
| 330 | @a本书以简练的语言、实用的例子系统地介绍了英语词汇学方面的知识,重点介绍了英语词汇的来源、词的结构、词的构成方式、词的理据、词的语义分类、词与词之间的语义关系、词义的变化、语境与意义、英语习语、美国英语等。 | |
| 510 | 1 | @aModern English lexicology@zeng |
| 606 | 0 | @a英语@Aying yu@x词汇学 |
| 690 | @aH313@v4 | |
| 701 | 0 | @a杨艳华@Ayang yan hua@4编著 |
| 701 | 0 | @a张树凡@Azhang shu fan@4编著 |
| 801 | 0 | @aCN@bQSSK@c20080512 |
| 905 | @b711318-20@dH313@eY312@f3 | |
| 现代英语词汇学= Modern English lexicology/杨艳华, 张树凡编著.-北京:冶金工业出版社,2007.12 |
| 212页;19cm |
| ISBN 978-7-5024-4424-2:CNY19.50 |
| 本书以简练的语言、实用的例子系统地介绍了英语词汇学方面的知识,重点介绍了英语词汇的来源、词的结构、词的构成方式、词的理据、词的语义分类、词与词之间的语义关系、词义的变化、语境与意义、英语习语、美国英语等。 |
| ● |
| 相关链接 |
|
|
|
正题名:现代英语词汇学
索取号:H313/Y312
 
预约/预借
| 序号 | 登录号 | 条形码 | 馆藏地/架位号 | 状态 | 备注 |
| 1 | 711318 | 207113185 | 语言库209/209语言库 104排7列3层/ [索取号:H313/Y312] | 在馆 | |
| 2 | 711319 | 207113194 | 语言库209/209语言库 104排7列3层/ [索取号:H313/Y312] | 在馆 | |
| 3 | 711320 | 207113201 | 语言库209/209语言库 104排7列3层/ [索取号:H313/Y312] | 在馆 |